Szczegóły MARC21

The collected scientific work of David Cass. Part C /

005 -DATA I CZAS OSTATNIEJ MODYFIKACJI [,]
    • @
    • pole kontrolne
    • 20150212103120.0
020 -Międzynarod. znormalizowany nr książki - ISBN [ , ]
    • a
    • Numer ISBN
    • 9780857246455 Find
040 -Instytucja sporządzająca opis [ , ]
    • a
    • Instytucja, która sporządziła opis (NP)
    • SZCZ U/DL
    • c
    • Instytucja, która sporządziła rekord (NP)
    • SZCZ U/DL
    • d
    • Instytucja, która zmodyfikowała rekord (P)
    • SZCZ U/JŚ
041 -Język dokumentu [0, ]
    • a
    • Język tekstu (P)
    • angielski
044 -Kraj miejsca wydania [ , ]
    • a
    • Kraj miejsca wydania
    • Wielka Brytania
942 -Rodzaj dokumentu [ , ]
    • c
    • Rodzaj dokumentu
    • Książka
245 -Strefa tytułu i oznaczenia odpowiedzialności [0,4]
    • a
    • Tytuł
    • The collected scientific work of David Cass. Find
    • n
    • Oznaczenie części (P)
    • Part C /
    • c
    • Pozostałe elementy strefy tytułu i oznaczenia odpowiedzialności (NP)
    • ed. by Stephen Spear.
260 -Strefa adresu wydawniczego [ , ]
    • a
    • Miejsce wydania (P)
    • Bingley, U.K. :
    • b
    • Nazwa wydawcy (P)
    • Emerald,
    • c
    • Data wydania (P)
    • 2011.
300 -Strefa opisu fizycznego [ , ]
    • a
    • Określenie formy książki i/lub objętość (NP)
    • XII, 400 s. :
    • b
    • Oznaczenie ilustracji (NP)
    • il. ;
    • c
    • Format (NP)
    • 24 cm.
490 -Strefa serii i książki wielotomowej - forma nie do wyszukiwania [1, ]
    • a
    • Tytuł (P)
    • International Symposia in Economic Theory and Econometrics, Find
    • x
    • ISSN (NP)
    • 1571-0386 ;
    • v
    • Numeracja (P)
    • vol. 21C
830 -Hasło dodatkowe serii i opisu książki wielotomowej - tytuł ujednolicony/tytuł [ ,0]
    • 9
    • KHW
    • 77985
    • a
    • Tytuł ujednolicony/tytuł (NP)
    • International Symposia in Economic Theory and Econometrics
    • x
    • ISSN
    • 1571-0386
    • v
    • Oznaczenie tomu (NP)
    • vol. 21C
504 -Uwaga dot. bibliogr. załącznikowej [ , ]
    • a
    • Uwaga dot. bibliografii załącznikowej
    • Bibliogr. przy rozdz.
080 -Uniwersalna Klasyfikacja Dziesiętna [ , ]
    • 2
    • Identyfikator wydania tablic
    • UDC-P058
    • 9
    • UKD
    • 2992
    • a
    • Symbol klasyfikacji
    • 330.83
    • b
    • Dopowiedzenie
    • Teorie, doktryny i szkoły ekonomiczne XX wieku. Marginalizm. Neomarginalizm. Neoliberalizm. Teoria równowagi. Keynesizm. Teorie wzrostu gospodarczego. Technokratyzm. Instytucjonalizm.
    • 4
    • UKD2
    • 7644
    • x
    • Poddział wspólny
    • =111
    • c
    • Dopowiedzenie poddz. wspólnego
    • =Język angielski.
980 -Symbol UKD [ , ]
    • a
    • UKD
    • 330.83=111
700 -Hasło dodatkowe - nazwa osobowa [1, ]
    • 9
    • KHW
    • 79427
    • a
    • Nazwa osobowa (NP)
    • Spear, Stephen. Find
    • e
    • Określenie rodzaju współpracy
    • Red.
710 -Hasło dodatkowe - nazwa ciała zbiorowego [2, ]
    • 9
    • KHW
    • 65735
    • a
    • Nazwa ciała zbiorowego lub nazwa geograficzna jako pierwszy element (NP)
    • Emerald Group Publishing.
    • 4
    • Kod relacji
    • pbl
920 -ISBN [ , ]
    • a
    • ISBN
    • 978-0-85724-645-5 Find
Data inwentaryzacji Lokalizacja Numer inwentarzowy Status udost. Sygnatura
2014-04-25TT.16523-2 
2014-04-25TTM.10948-2TM.10948